000 00821nam a22002537a 4500
003 UA-OsUOA
001 89776
007 ta
008 20121112b un ||||| |||| 00| 0 ukr d
100 _aНизенко Е. І.
700 _aКаленяк В. П.
090 _a340.13:658.1
_bН61
942 _cBK
040 _aUA-OsUOA
_bukr
_cUA-OsUOA
_dUA-OsUOA
245 _aЗабезпечення інформаційної безпеки підприємництва
_bнавчальний посібник
300 _a134 с.
955 _a2
041 _aukr
080 _a340.13:658.1
020 _a966-608-685-9
260 _aК.
_bМАУП
_c2006
650 7 _a340 Право в цілому. Пропедевтика. Методи та допоміжні правничі науки
_2UDC
999 _c376019
_d376019